<?xml version="1.0" encoding="UTF-8"?>
<record
    xmlns:xsi="http://www.w3.org/2001/XMLSchema-instance"
    xsi:schemaLocation="http://www.loc.gov/MARC21/slim http://www.loc.gov/standards/marcxml/schema/MARC21slim.xsd"
    xmlns="http://www.loc.gov/MARC21/slim">

  <leader>03196cam a22004694i 4500</leader>
  <controlfield tag="003">PE-LiUPU</controlfield>
  <controlfield tag="005">20250731165436.0</controlfield>
  <controlfield tag="008">160519s2015    pe a   grm    000 0 spa d</controlfield>
  <datafield tag="035" ind1=" " ind2=" ">
    <subfield code="a">(Sirsi) a156744</subfield>
  </datafield>
  <datafield tag="040" ind1=" " ind2=" ">
    <subfield code="a">PE-LiUPU</subfield>
    <subfield code="b">spa</subfield>
    <subfield code="c">PE-LiUPU</subfield>
    <subfield code="e">rda</subfield>
  </datafield>
  <datafield tag="099" ind1=" " ind2=" ">
    <subfield code="a">TIS 2</subfield>
    <subfield code="b">A59 2015</subfield>
  </datafield>
  <datafield tag="100" ind1="1" ind2=" ">
    <subfield code="a">Andrango Guazumba, Ronnal Efra&#xED;n</subfield>
    <subfield code="e">autor</subfield>
  </datafield>
  <datafield tag="245" ind1="1" ind2=" ">
    <subfield code="a">Implementaci&#xF3;n de un sistema de informaci&#xF3;n ejecutiva utilizando inteligencia de negocios para la eficaz interpretaci&#xF3;n de indicadores de atenci&#xF3;n y afiliaci&#xF3;n en el seguro integral de salud para la administraci&#xF3;n de la Red de Salud de Huarochir&#xED; /</subfield>
    <subfield code="c">Ronnal Efra&#xED;n Andrango Guazumba.</subfield>
  </datafield>
  <datafield tag="264" ind1=" " ind2="0">
    <subfield code="c">2015.</subfield>
  </datafield>
  <datafield tag="300" ind1=" " ind2=" ">
    <subfield code="a">110 hojas : </subfield>
    <subfield code="b">ilustraciones;</subfield>
    <subfield code="c">30 cm</subfield>
  </datafield>
  <datafield tag="336" ind1=" " ind2=" ">
    <subfield code="a">text</subfield>
    <subfield code="2">rdacontent</subfield>
  </datafield>
  <datafield tag="337" ind1=" " ind2=" ">
    <subfield code="a">unmediated</subfield>
    <subfield code="2">rdamedia</subfield>
  </datafield>
  <datafield tag="338" ind1=" " ind2=" ">
    <subfield code="a">volume</subfield>
    <subfield code="2">rdacarrier</subfield>
  </datafield>
  <datafield tag="502" ind1=" " ind2=" ">
    <subfield code="a">Tesis</subfield>
    <subfield code="b">(Lic.) -- </subfield>
    <subfield code="c">Universidad Peruana Uni&#xF3;n,</subfield>
    <subfield code="d">2015.</subfield>
  </datafield>
  <datafield tag="504" ind1=" " ind2=" ">
    <subfield code="a">Incluye referencias</subfield>
  </datafield>
  <datafield tag="520" ind1="3" ind2=" ">
    <subfield code="a">El presente estudio tiene como objetivo mostrar como la implementaci&#xF3;n de un sistema de informaci&#xF3;n Ejecutivo utilizando Inteligencia de Negocios (BI), ayud&#xF3; a la eficaz interpretaci&#xF3;n de indicadores basadas en las variables de atenci&#xF3;n y afiliaci&#xF3;n del SIS para la correcta toma de decisiones en la administraci&#xF3;n de la red de Salud de Huarochir&#xED;. El nivel de estudio de la investigaci&#xF3;n es descriptivo porque se basa en los indicadores de atenci&#xF3;n y afiliaci&#xF3;n, el enfoque de estudio es cuantitativo y el tipo es aplicado ya que se aplica una implementaci&#xF3;n de sistema inteligencia de negocios y longitudinal porque el estudio se realiz&#xF3; en base a las afiliaciones y atenciones registradas desde el a&#xF1;o 2010 al 2015. La construcci&#xF3;n de implementaci&#xF3;n de la aplicaci&#xF3;n fue realizada bajo la metodolog&#xED;a propuesta por Ralph Kimball (Metodolog&#xED;a de Kimball) con la implementaci&#xF3;n t&#xE9;cnica de la metodolog&#xED;a de HEFESTO para el desarrollo del modelo l&#xF3;gico del Datamart. Se tom&#xF3; las nueve fases de Kimball, la planificaci&#xF3;n del proyecto, definici&#xF3;n de requerimientos (Modelo conceptual tomada de HEFESTO), Dise&#xF1;o f&#xED;sico, modelo dimensional, dise&#xF1;o e implementaci&#xF3;n del ETL, implementaci&#xF3;n, mantenimiento y crecimiento del datamart, especificaci&#xF3;n de aplicaciones de BI en el an&#xE1;lisis service de visual 2012 y el dise&#xF1;o de la arquitectura t&#xE9;cnica. Obteniendo como resultado de dicha investigaci&#xF3;n una eficaz interpretaci&#xF3;n de indicadores basados en las afiliaciones y atenciones, seg&#xFA;n se muestran en los cuadros estad&#xED;sticos desarrollados.</subfield>
  </datafield>
  <datafield tag="526" ind1=" " ind2=" ">
    <subfield code="a">SEG44</subfield>
  </datafield>
  <datafield tag="526" ind1=" " ind2=" ">
    <subfield code="a">SEG26</subfield>
  </datafield>
  <datafield tag="526" ind1=" " ind2=" ">
    <subfield code="a">P151</subfield>
  </datafield>
  <datafield tag="526" ind1=" " ind2=" ">
    <subfield code="a">P150</subfield>
  </datafield>
  <datafield tag="526" ind1=" " ind2=" ">
    <subfield code="a">P149</subfield>
  </datafield>
  <datafield tag="526" ind1=" " ind2=" ">
    <subfield code="a">P146</subfield>
  </datafield>
  <datafield tag="526" ind1=" " ind2=" ">
    <subfield code="a">P145</subfield>
  </datafield>
  <datafield tag="526" ind1=" " ind2=" ">
    <subfield code="a">P126</subfield>
  </datafield>
  <datafield tag="526" ind1=" " ind2=" ">
    <subfield code="a">P125</subfield>
  </datafield>
  <datafield tag="526" ind1=" " ind2=" ">
    <subfield code="a">P92</subfield>
  </datafield>
  <datafield tag="526" ind1=" " ind2=" ">
    <subfield code="a">P75</subfield>
  </datafield>
  <datafield tag="526" ind1=" " ind2=" ">
    <subfield code="a">P74</subfield>
  </datafield>
  <datafield tag="526" ind1=" " ind2=" ">
    <subfield code="a">P27</subfield>
  </datafield>
  <datafield tag="526" ind1=" " ind2=" ">
    <subfield code="a">P15</subfield>
  </datafield>
  <datafield tag="610" ind1=" " ind2=" ">
    <subfield code="a">Red de salud de Huarochir&#xED;</subfield>
    <subfield code="x">Innovaciones tecnol&#xF3;gicas</subfield>
    <subfield code="v">Tesis.</subfield>
  </datafield>
  <datafield tag="650" ind1="0" ind2="4">
    <subfield code="a">Inteligencia econ&#xF3;mica</subfield>
    <subfield code="v">Tesis.</subfield>
  </datafield>
  <datafield tag="700" ind1="1" ind2=" ">
    <subfield code="a">Palomino Ochoa, Yessibel Melina</subfield>
    <subfield code="e">autor</subfield>
  </datafield>
  <datafield tag="596" ind1=" " ind2=" ">
    <subfield code="a">1</subfield>
  </datafield>
  <datafield tag="942" ind1=" " ind2=" ">
    <subfield code="2">ddc</subfield>
    <subfield code="c">TESIS</subfield>
  </datafield>
  <datafield tag="999" ind1=" " ind2=" ">
    <subfield code="a">TIS 2 A59 2015</subfield>
    <subfield code="w">ALPHANUM</subfield>
    <subfield code="c">9392</subfield>
    <subfield code="i">T01971</subfield>
    <subfield code="l">CCODEBUL3</subfield>
    <subfield code="m">BUL</subfield>
    <subfield code="r">1</subfield>
    <subfield code="s">Y</subfield>
    <subfield code="t">TESIS</subfield>
    <subfield code="u">2016-5-19</subfield>
    <subfield code="x">INGENIERIA</subfield>
    <subfield code="P">P27</subfield>
    <subfield code="o">.STAFF. Tesis</subfield>
    <subfield code="d">9392</subfield>
  </datafield>
  <datafield tag="980" ind1=" " ind2=" ">
    <subfield code="8">1</subfield>
    <subfield code="g">ALBERTO SANCHEZ Responsable de Automatizaci&#xF3;n</subfield>
  </datafield>
  <datafield tag="952" ind1=" " ind2=" ">
    <subfield code="r">2022-07-06 00:00:00</subfield>
    <subfield code="l">0</subfield>
    <subfield code="o">TIS 2 A59 2015</subfield>
    <subfield code="p">T01971</subfield>
    <subfield code="t">e1</subfield>
    <subfield code="w">2016-05-19</subfield>
    <subfield code="x">FIA</subfield>
    <subfield code="y">TESIS</subfield>
    <subfield code="z">Este &#xCD;tem NO se presta por ser Ejemplar #1.</subfield>
    <subfield code="1">0</subfield>
    <subfield code="2">ddc</subfield>
    <subfield code="7">1</subfield>
    <subfield code="8">TESIS</subfield>
    <subfield code="f">P27</subfield>
    <subfield code="a">BUL</subfield>
    <subfield code="b">BUL</subfield>
    <subfield code="c">TESIS</subfield>
    <subfield code="d">2016-05-19</subfield>
  </datafield>
</record>
